Представление документа в формате RUSMARC

ПолеНазваниеЗначение
  Тип записи a
  Библиографический уровень m
001 Контрольный номер RU/REG73/CBS_GRAD/ebceec2253954208ac509ba90c41811b
005 Дата корректировки 20260212102840.0
010 Индекс ISBN __
b Уточнения в пер.
9 Тираж 300 000 экз.
100 Данные общей обработки __
a Данные общей обработки 20260212d1982 |||u0rusy0189 ca
101 Язык документа 0_
a Язык текста rus
102 Страна публикации __
a Страна публикации RU
105 Кодированные данные (монография) __
a Кодированные данные (монография) y###z 000ay
200 Заглавие и сведения об ответственности 1_
a Заглавие Т. 6
i Наименование части Хождение по мукам. Трилогия. Хмурое утро
g Последующие сведения об ответственности подготовка текста И. И. Щербаковой, комментарии А.В. Алпатова
210 Выходные данные 1_
d Дата издания 1984
215 Физическое описание __
a Объем 408 с.
461 Уровень набора _0
1 700 1
a Толстой Алексей Николаевич
1 2001
a Собрание сочинений
e в десяти томах
f Алексей Николаевич Толстой
v Т. 6
1 2101
a Москва
c Художественная литература
d 1982 -
1 001RU/REG73/CBS_GRAD/e6857b8432e541e1b208a390b003cd4d
1 203
a Текст
b визуальный
c непосредственный
1 215
d 21 см.
606 Тематические рубрики 0_
x Основная подрубрика Проза (х.л.)
610 Ключевые слова 0_
a Ключевые слова проза, произведения русских авторов, классика
686 Индексы других классификаций __
a Классификационный индекс 84(2Рос=Рус)6
2 Код системы rubbk
702 Вторичная интеллектуальная ответственность _1
a Фамилия Щербакова
b Имя (инициалы) И.И.
4 Код отношения 340
702 Вторичная интеллектуальная ответственность _1
a Фамилия Алпатов
4 Код отношения 210
801 Источник записи _0
a Страна RU
b Организация RuCBSGrad
c Дата составления 20260212
g Правила каталогизации RCR
801 Источник записи _1
a Страна RU
b Организация RuCBSGrad
c Дата составления 20260212
g Правила каталогизации RCR
852 Данные о местонахождении __
a Наименование организации МБУК ЦБС г. Димитровграда
i Авторский знак Т 52
z Тип записи R
901 Тип документа __
t Тип документа n
w Контрольный № источника RU/REG73/CBS_GRAD/e6857b8432e541e1b208a390b003cd4d
909 Создатель записи __
a Создатель записи Тенигина
b Дата создания записи 20260212